000 00381nam a2200157Ia 4500
008 230524s9999 xx 000 0 und d
082 _a5
_bTAT
100 _aAshton. Tate
_924024
245 0 _aLearning and Using dBase III Plus
250 _a1ST
260 _aNEW DELHI
_bDonated
_c2000
300 _aVII;195
500 _aQuantity Number: 1
650 _aComp-Sc
942 _cBK
999 _c35569
_d35569